Dificultades específicas de aprendizaje

Tallennettuna:
Bibliografiset tiedot
Päätekijä: Defior Citoler, Silvia
Muut tekijät: Serrano Chica , Francisca, Gutiérrez Palma, Nicolás
Aineistotyyppi: Tuntematon
Kieli:englanti
Julkaistu: Madrid, España Síntesis 2015
Aiheet:
Tagit: Lisää tagi
Ei tageja, Lisää ensimmäinen tagi!

MARC

LEADER 00000 a2200000 4500
003 CL-VaPUC
005 20201109184107.0
008 200922b ||||| |||| 00| 0 eng d
999 |c 431936  |d 431934 
020 |a 978-84-9077-20-1-0 
040 |c Pontificia Universidad Católica de Valparaíso 
082 |a 371.9 DEF 2015 
100 |a  Defior Citoler, Silvia,   |9 857214 
245 |a Dificultades específicas de aprendizaje 
260 |a Madrid, España   |b Síntesis   |c 2015  
300 |a 252 páginas  
583 |k Cristina Rojas  |c 20200923 
650 0 |a Adquisición de habilidades  |9 857231 
650 0 |a Dificultades del aprendizaje  |9 491990 
650 0 |a Acción psicoeducativa  |9 857233 
700 |a Serrano Chica , Francisca  |9 857234 
700 |a Gutiérrez Palma, Nicolás  |9 857235 
852 |a BIBEDU 
942 |2 ddc  |c BK 
952 |0 0  |1 0  |2 ddc  |4 0  |6 371_900000000000000_DEF_2015  |7 0  |8 A  |9 576844  |a BIBEDU  |b BIBEDU  |c ES_NOD  |d 2020-11-06  |e 3  |g 29554.00  |i 5577063  |l 15  |m 2  |o 371.9 DEF 2015  |p 5577063  |r 2024-03-19  |s 2024-03-14  |t 1  |v 29554.00  |w 2020-11-06  |y BK  |k EBA